[Event "Manhems Chessweek IM 2008"]
[Site "?"]
[Date "2008.08.07"]
[Round "6"]
[White "Ask, Josef"]
[Black "Vovk, Ilja"]
[Result "1/2-1/2"]
[WhiteElo "2246"]
[BlackElo "2235"]
[PlyCount "100"]
[EventDate "2008.08.02"]
[Source "ChessBase"]
[SourceVersion "1"]
[SourceVersionDate "1997.02.01"]
[SourceQuality "1"]

1. d4 d5 2. Nc3 Nf6 3. Bg5 e6 4. e4 dxe4 5. Nxe4 Be7 6. Bxf6 Bxf6 7. Nf3 Bd7 8.
Bc4 Bc6 9. Qe2 Bxe4 10. Qxe4 c6 11. O-O-O Nd7 12. h4 Qa5 13. Rhe1 O-O-O 14. Re3
Kb8 15. Ra3 Qb4 16. Bd3 Nc5 17. Qf4+ Ka8 18. c3 Nxd3+ 19. Rxd3 Qc4 20. Qe4 e5
21. Nd2 Qd5 22. c4 Qxe4 23. Nxe4 Be7 24. Rab3 exd4 25. Rf3 Rhf8 26. Ng5 Bxg5+
27. hxg5 Kb8 28. Rh3 Rfe8 29. Kd2 Re5 30. f4 Re4 31. Rbf3 d3 32. Rxd3 Rxd3+ 33.
Kxd3 Rxf4 34. Rxh7 g6 35. c5 a5 36. Kc3 Rf5 37. Kc4 Rxg5 38. Rxf7 Rxg2 39. Kb3
Ka7 40. Rg7 Ka6 41. a3 Rg4 42. Kc3 a4 43. Kd3 g5 44. Kc3 Rg2 45. Rg8 Ka7 46.
Rg7 g4 47. Rg8 g3 48. Rg4 Rg1 49. Rxa4+ Kb8 50. Rg4 Ka7 1/2-1/2

[Event "Manhems Chessweek IM 2008"]
[Site "?"]
[Date "2008.08.07"]
[Round "6"]
[White "Hebbinghaus, Holger"]
[Black "Svensson, Bengt"]
[Result "1/2-1/2"]
[WhiteElo "2287"]
[BlackElo "2411"]
[PlyCount "21"]
[EventDate "2008.08.02"]
[Source "ChessBase"]
[SourceVersion "1"]
[SourceVersionDate "1997.02.01"]
[SourceQuality "1"]

1. d4 d5 2. c4 c6 3. cxd5 cxd5 4. Nf3 Nf6 5. Nc3 Nc6 6. Bf4 Bf5 7. e3 e6 8. Qb3
Bb4 9. Bb5 O-O 10. O-O Bxc3 11. Bxc6 1/2-1/2

[Event "Manhems Chessweek IM 2008"]
[Site "?"]
[Date "2008.08.07"]
[Round "6"]
[White "Åkesson, Joel"]
[Black "Krivonosov, Oleg"]
[Result "1/2-1/2"]
[WhiteElo "2312"]
[BlackElo "2424"]
[PlyCount "21"]
[EventDate "2008.08.02"]
[Source "ChessBase"]
[SourceVersion "1"]
[SourceVersionDate "1997.02.01"]
[SourceQuality "1"]

1. d4 Nf6 2. c4 e6 3. Nc3 d5 4. cxd5 exd5 5. Bg5 c6 6. e3 Be7 7. Bd3 Nbd7 8.
Qc2 Nh5 9. Bxe7 Qxe7 10. Nce2 g6 11. Rb1 1/2-1/2

[Event "Manhems Chessweek IM 2008"]
[Site "?"]
[Date "2008.08.07"]
[Round "6"]
[White "Hedman, Erik"]
[Black "Nithander, Victor"]
[Result "1/2-1/2"]
[WhiteElo "2363"]
[BlackElo "2319"]
[PlyCount "27"]
[EventDate "2008.08.02"]
[Source "ChessBase"]
[SourceVersion "1"]
[SourceVersionDate "1997.02.01"]
[SourceQuality "1"]

1. e4 c5 2. Nf3 Nc6 3. Bb5 g6 4. c3 Nf6 5. Qe2 Bg7 6. O-O O-O 7. Rd1 d6 8. d4
cxd4 9. cxd4 Bg4 10. Nc3 Rc8 11. h3 Bxf3 12. Qxf3 Nd7 13. Be3 a6 14. Bf1
1/2-1/2

[Event "Manhems Chessweek IM 2008"]
[Site "?"]
[Date "2008.08.08"]
[Round "7"]
[White "Nithander, Victor"]
[Black "Åkesson, Joel"]
[Result "1-0"]
[WhiteElo "2319"]
[BlackElo "2312"]
[PlyCount "69"]
[EventDate "2008.08.02"]
[Source "ChessBase"]
[SourceVersion "1"]
[SourceVersionDate "1997.02.01"]
[SourceQuality "1"]

1. e4 e6 2. d4 d5 3. Nd2 Nf6 4. e5 Nfd7 5. f4 c5 6. c3 Nc6 7. Ndf3 Qb6 8. a3
Be7 9. b4 cxd4 10. cxd4 O-O 11. Bd3 f5 12. Ne2 Qd8 13. Bd2 a6 14. O-O Nb6 15.
Qb3 Bd7 16. a4 a5 17. bxa5 Nxa5 18. Bxa5 Rxa5 19. Rfb1 Rxa4 20. Rxa4 Nxa4 21.
Qxb7 Qe8 22. Bb5 Bxb5 23. Rxb5 Bd8 24. Qa6 Nb6 25. Rxb6 Bxb6 26. Qxb6 h6 27.
Nc1 Qc8 28. Nd3 Re8 29. Nc5 Kf7 30. h3 Re7 31. Kh2 Qc7 32. Qd6 Qa7 33. g4 g6
34. Qd8 Qa3 35. Nd7 1-0

[Event "Manhems Chessweek IM 2008"]
[Site "?"]
[Date "2008.08.08"]
[Round "7"]
[White "Krivonosov, Oleg"]
[Black "Bronznik, Valerij"]
[Result "1/2-1/2"]
[WhiteElo "2424"]
[BlackElo "2362"]
[PlyCount "35"]
[EventDate "2008.08.02"]
[Source "ChessBase"]
[SourceVersion "1"]
[SourceVersionDate "1997.02.01"]
[SourceQuality "1"]

1. Nf3 d5 2. d4 Nc6 3. Bf4 Bg4 4. e3 e6 5. c4 Bb4+ 6. Nc3 Nf6 7. Rc1 O-O 8. h3
Bxf3 9. Qxf3 Bxc3+ 10. bxc3 Qe7 11. cxd5 Nxd5 12. Bc4 Nxf4 13. Qxf4 Na5 14. Bd3
c5 15. O-O Rac8 16. Qe4 g6 17. Be2 cxd4 18. cxd4 1/2-1/2

[Event "Manhems Chessweek IM 2008"]
[Site "?"]
[Date "2008.08.08"]
[Round "7"]
[White "Svensson, Bengt"]
[Black "Ask, Josef"]
[Result "1/2-1/2"]
[WhiteElo "2411"]
[BlackElo "2246"]
[PlyCount "88"]
[EventDate "2008.08.02"]
[Source "ChessBase"]
[SourceVersion "1"]
[SourceVersionDate "1997.02.01"]
[SourceQuality "1"]

1. c4 e5 2. Nc3 Nf6 3. Nf3 Nc6 4. e3 Bb4 5. Qc2 O-O 6. d3 Re8 7. Bd2 d5 8. cxd5
Nxd5 9. Be2 Bxc3 10. bxc3 Bg4 11. O-O Qf6 12. Rab1 Rab8 13. Rfe1 Qh6 14. Qa4
Be6 15. Qh4 Qxh4 16. Nxh4 Nf6 17. c4 Nd7 18. Nf3 Bf5 19. Nh4 Be6 20. Bc3 Nb6
21. Nf3 f6 22. Nd2 Na4 23. Ba1 Bf5 24. Ne4 Bxe4 25. dxe4 Red8 26. Red1 Nc5 27.
f3 Rxd1+ 28. Rxd1 Nb4 29. Rd2 Kf7 30. Bc3 a5 31. a3 Nc6 32. Rd5 b6 33. Bd1 Ke7
34. Bc2 Ra8 35. Kf2 Ke6 36. g4 Ne7 37. Rd1 g5 38. h4 h6 39. Rh1 Rf8 40. hxg5
hxg5 41. Rh6 Rd8 42. Ke2 Nc6 43. Rh7 Rd7 44. Rh8 Rg7 1/2-1/2

[Event "Manhems Chessweek IM 2008"]
[Site "?"]
[Date "2008.08.08"]
[Round "7"]
[White "Vovk, Ilja"]
[Black "Hedman, Erik"]
[Result "1/2-1/2"]
[WhiteElo "2235"]
[BlackElo "2363"]
[PlyCount "52"]
[EventDate "2008.08.02"]
[Source "ChessBase"]
[SourceVersion "1"]
[SourceVersionDate "1997.02.01"]
[SourceQuality "1"]

1. e4 c5 2. Nf3 d6 3. d4 cxd4 4. Nxd4 Nf6 5. Nc3 a6 6. Be2 e5 7. Nb3 Be7 8. Bg5
Be6 9. Bxf6 Bxf6 10. Qd3 Nc6 11. O-O-O Nd4 12. Nxd4 exd4 13. Nd5 Bxd5 14. exd5
O-O 15. Bf3 g6 16. g3 a5 17. h4 a4 18. a3 Ra5 19. h5 Qb6 20. hxg6 hxg6 21. Be4
Bg7 22. Bxg6 fxg6 23. Qxg6 d3 24. Qe6+ Rf7 25. Qc8+ Rf8 26. Qe6+ Rf7 1/2-1/2

[Event "Manhems Chessweek IM 2008"]
[Site "?"]
[Date "2008.08.09"]
[Round "8"]
[White "Hebbinghaus, Holger"]
[Black "Krivonosov, Oleg"]
[Result "1/2-1/2"]
[WhiteElo "2287"]
[BlackElo "2424"]
[PlyCount "35"]
[EventDate "2008.08.02"]
[Source "ChessBase"]
[SourceVersion "1"]
[SourceVersionDate "1997.02.01"]
[SourceQuality "1"]

1. e4 e5 2. Nf3 Nc6 3. Bb5 Nf6 4. O-O Nxe4 5. d4 Nd6 6. dxe5 Nxb5 7. a4 d6 8.
e6 Bxe6 9. axb5 Ne5 10. Nd4 Bd7 11. f4 Ng6 12. Nc3 Be7 13. Nd5 c6 14. bxc6 bxc6
15. Nxe7 Nxe7 16. f5 c5 17. f6 cxd4 18. fxe7 1/2-1/2

[Event "Manhems Chessweek IM 2008"]
[Site "?"]
[Date "2008.08.09"]
[Round "8"]
[White "Hedman, Erik"]
[Black "Svensson, Bengt"]
[Result "1/2-1/2"]
[WhiteElo "2363"]
[BlackElo "2411"]
[PlyCount "27"]
[EventDate "2008.08.02"]
[Source "ChessBase"]
[SourceVersion "1"]
[SourceVersionDate "1997.02.01"]
[SourceQuality "1"]

1. e4 c5 2. Nf3 d6 3. d4 cxd4 4. Nxd4 Nf6 5. Nc3 a6 6. Be2 e6 7. O-O Be7 8. Be3
Nc6 9. f4 Qc7 10. Kh1 O-O 11. a4 Re8 12. Bd3 Nb4 13. Qf3 b6 14. Rae1 1/2-1/2

[Event "Manhems Chessweek IM 2008"]
[Site "?"]
[Date "2008.08.09"]
[Round "8"]
[White "Åkesson, Joel"]
[Black "Bronznik, Valerij"]
[Result "1/2-1/2"]
[WhiteElo "2312"]
[BlackElo "2362"]
[PlyCount "43"]
[EventDate "2008.08.02"]
[Source "ChessBase"]
[SourceVersion "1"]
[SourceVersionDate "1997.02.01"]
[SourceQuality "1"]

1. d4 f5 2. Nc3 Nf6 3. Bg5 d5 4. Bxf6 exf6 5. e3 Be6 6. Qf3 Nc6 7. Bb5 Qd7 8.
Nge2 a6 9. Ba4 Rd8 10. a3 b5 11. Bb3 Na5 12. Nf4 c6 13. O-O Bd6 14. Na2 Bf7 15.
Nb4 Qc8 16. Nbd3 Nc4 17. Bxc4 dxc4 18. Nc5 Bxc5 19. dxc5 Bd5 20. Qh3 Bf7 21.
Qf3 Bd5 22. Qh5+ 1/2-1/2

[Event "Manhems Chessweek IM 2008"]
[Site "?"]
[Date "2008.08.09"]
[Round "8"]
[White "Nithander, Victor"]
[Black "Vovk, Ilja"]
[Result "0-1"]
[WhiteElo "2319"]
[BlackElo "2235"]
[PlyCount "128"]
[EventDate "2008.08.02"]
[Source "ChessBase"]
[SourceVersion "1"]
[SourceVersionDate "1997.02.01"]
[SourceQuality "1"]

1. e4 c5 2. Nf3 d6 3. d4 cxd4 4. Nxd4 Nf6 5. Nc3 g6 6. Be2 Bg7 7. O-O O-O 8.
Be3 Nc6 9. Nb3 Be6 10. f4 Qc8 11. Kh1 Bg4 12. Bg1 Bxe2 13. Qxe2 Rb8 14. Rae1 b5
15. Nxb5 Nxe4 16. Nxa7 Nxa7 17. Qxe4 Nc6 18. c3 Qa6 19. Ra1 Qb5 20. Rfd1 Ra8
21. Rd2 Ra4 22. Nd4 Bxd4 23. cxd4 d5 24. Qc2 e6 25. b3 Ra6 26. a4 Qb8 27. Be3
Rc8 28. Qd1 Ne7 29. Rd3 Nf5 30. Rc1 Rac6 31. Rxc6 Rxc6 32. Bd2 Nd6 33. Be3 Ne4
34. h3 Qb4 35. Kh2 h5 36. Bd2 Qa3 37. Rf3 Qb2 38. Be3 Rc2 39. Qg1 Qxb3 40. Rf1
Qxa4 41. Ra1 Qb3 42. Rb1 Qd3 43. Qd1 Qxd1 44. Rxd1 Re2 45. Bc1 h4 46. Ba3 Ng3
47. Be7 Nf5 48. Bf6 Rxg2+ 49. Kxg2 Ne3+ 50. Kf3 Nxd1 51. Bxh4 Nc3 52. Be1 Ne4
53. Bb4 f5 54. Ba5 Kf7 55. Bc7 Ke7 56. Be5 Kd7 57. Kg2 Kc6 58. h4 Kb5 59. Kh3
Kc4 60. h5 gxh5 61. Kh4 Nc3 62. Kxh5 Ne2 63. Kg5 Nxd4 64. Kf6 Kd3 0-1

[Event "Manhems Chessweek IM 2008"]
[Site "?"]
[Date "2008.08.10"]
[Round "9"]
[White "Krivonosov, Oleg"]
[Black "Ask, Josef"]
[Result "1-0"]
[WhiteElo "2424"]
[BlackElo "2246"]
[PlyCount "103"]
[EventDate "2008.08.02"]
[Source "ChessBase"]
[SourceVersion "1"]
[SourceVersionDate "1997.02.01"]
[SourceQuality "1"]

1. d4 Nf6 2. Nf3 e6 3. c4 b6 4. g3 Bb7 5. Bg2 Be7 6. O-O O-O 7. Nc3 Ne4 8. Qc2
Nxc3 9. Qxc3 c5 10. Rd1 d6 11. b3 Nd7 12. Bb2 Nf6 13. Ne1 Bxg2 14. Nxg2 cxd4
15. Qxd4 Qc7 16. Ne3 Rfd8 17. Rac1 Rac8 18. Qf4 Qc6 19. h3 Qe4 20. Qxe4 Nxe4
21. Kg2 Bf6 22. Ba3 g6 23. Bb4 Kf8 24. f3 Nc5 25. Ng4 Bg7 26. e4 Ke7 27. Rc2 a5
28. Bc3 Bxc3 29. Rxc3 Na6 30. a4 Nb4 31. Re3 h5 32. Nf2 Kf8 33. Re2 Rc7 34. Nd3
Nc6 35. Nf4 Ke7 36. h4 Nb4 37. Kf2 Rh8 38. Red2 e5 39. Nd5+ Nxd5 40. Rxd5 Rc6
41. Ke3 Ke6 42. f4 f6 43. R5d2 Rg8 44. fxe5 fxe5 45. Rf2 Rc7 46. Rdf1 Rcg7 47.
Rf8 Ke7 48. R1f7+ Ke6 49. Rxg7 Rxg7 50. Rb8 g5 51. hxg5 Rxg5 52. Kf3 1-0

[Event "Manhems Chessweek IM 2008"]
[Site "?"]
[Date "2008.08.10"]
[Round "9"]
[White "Bronznik, Valerij"]
[Black "Hebbinghaus, Holger"]
[Result "1/2-1/2"]
[WhiteElo "2363"]
[BlackElo "2287"]
[PlyCount "29"]
[EventDate "2008.08.02"]
[Source "ChessBase"]
[SourceVersion "1"]
[SourceVersionDate "1997.02.01"]
[SourceQuality "1"]

1. d4 Nf6 2. c4 Nc6 3. Nf3 e6 4. Nc3 Bb4 5. Qc2 d6 6. Bg5 h6 7. Bd2 e5 8. dxe5
dxe5 9. O-O-O Qe7 10. Nd5 Nxd5 11. cxd5 Bxd2+ 12. Qxd2 Nb4 13. e4 O-O 14. a3
Na6 15. Bxa6 1/2-1/2

[Event "Manhems Chessweek IM 2008"]
[Site "?"]
[Date "2008.08.10"]
[Round "9"]
[White "Nithander, Victor"]
[Black "Svensson, Bengt"]
[Result "1-0"]
[WhiteElo "2319"]
[BlackElo "2411"]
[PlyCount "170"]
[EventDate "2008.08.02"]
[Source "ChessBase"]
[SourceVersion "1"]
[SourceVersionDate "1997.02.01"]
[SourceQuality "1"]

1. e4 c5 2. Nf3 Nc6 3. d4 cxd4 4. Nxd4 Nf6 5. Nc3 e5 6. Ndb5 d6 7. Bg5 a6 8.
Na3 b5 9. Bxf6 gxf6 10. Nd5 Bg7 11. c3 f5 12. Bd3 Ne7 13. Nxe7 Qxe7 14. Nc2 f4
15. Qh5 O-O 16. g3 f5 17. O-O-O Bb7 18. Rhe1 fxg3 19. fxg3 d5 20. exf5 e4 21.
Bf1 Rac8 22. Kb1 b4 23. Nxb4 Rxc3 24. Nxd5 Bxd5 25. f6 Qxf6 26. Qxd5+ Kh8 27.
Qd4 Qxd4 28. Rxd4 Bxd4 29. bxc3 Bxc3 30. Rd1 Rf2 31. Bxa6 Rb2+ 32. Kc1 Rxa2 33.
Rd8+ Kg7 34. Bc4 Rxh2 35. Re8 e3 36. Re4 h5 37. Rh4 e2 38. Bxe2 Rxe2 39. Rxh5
Kf6 40. g4 Rg2 41. Kd1 Rxg4 42. Kc2 Be5 43. Kd3 Ke6 44. Rh7 Kd5 45. Rd7+ Bd6
46. Rd8 Rg3+ 47. Ke2 Ke5 48. Kf2 Ra3 49. Ke2 Bc5 50. Re8+ Kd5 51. Rd8+ Kc4 52.
Re8 Rb3 53. Re4+ Bd4 54. Re8 Kd5 55. Rc8 Ke4 56. Rc2 Rg3 57. Kd2 Rh3 58. Ke2
Bc3 59. Kd1 Rd3+ 60. Ke2 Re3+ 61. Kf2 Kf4 62. Kf1 Rh3 63. Ke2 Ke4 64. Kd1 Kd3
65. Rd2+ Kc4 66. Rg2 Re3 67. Re2 Rd3+ 68. Kc2 Bd4 69. Rg2 Ra3 70. Re2 Be3 71.
Kd1 Ra1+ 72. Kc2 Kd4 73. Kb3 Kd3 74. Rh2 Rc1 75. Rg2 Rc3+ 76. Kb4 Rc6 77. Rg3
Rb6+ 78. Ka5 Rb1 79. Rh3 Kd4 80. Ka4 Rb8 81. Rg3 Kc4 82. Ka3 Bd4 83. Ka2 Rb2+
84. Ka3 Rb1 85. Rg2 Rb8 1-0

[Event "Manhems Chessweek IM 2008"]
[Site "?"]
[Date "2008.08.10"]
[Round "9"]
[White "Vovk, Ilja"]
[Black "Åkesson, Joel"]
[Result "1/2-1/2"]
[WhiteElo "2235"]
[BlackElo "2312"]
[PlyCount "91"]
[EventDate "2008.08.02"]
[Source "ChessBase"]
[SourceVersion "1"]
[SourceVersionDate "1997.02.01"]
[SourceQuality "1"]

1. e4 e6 2. d4 d5 3. Nd2 Nf6 4. e5 Nfd7 5. Bd3 c5 6. c3 Nc6 7. Ngf3 cxd4 8.
cxd4 f6 9. O-O fxe5 10. Nxe5 Ndxe5 11. dxe5 Nxe5 12. Qh5+ Nf7 13. Nf3 g6 14.
Qg4 Bg7 15. Bb5+ Kf8 16. Ng5 Qf6 17. Bd2 e5 18. Qb4+ Kg8 19. f4 e4 20. Kh1 Bf5
21. Rac1 h6 22. Bc3 Qb6 23. Nxf7 Bxc3 24. bxc3 Kxf7 25. c4 Rhc8 26. cxd5 Bd7
27. Rb1 Bxb5 28. Qxb5 Qxb5 29. Rxb5 b6 30. Re1 Rc2 31. a4 Rac8 32. h3 Rd2 33.
d6 Rxd6 34. Rxe4 Re6 35. Rd4 Rc2 36. f5 gxf5 37. Rxf5+ Kg6 38. Rf8 Kg7 39. Ra8
Rc7 40. Rdd8 Re1+ 41. Kh2 Ree7 42. Rd4 Kh7 43. h4 Rg7 44. h5 Rc2 45. Kh3 Rcxg2
46. Rxa7 1/2-1/2

[Event "Manhems Chessweek IM 2008"]
[Site "?"]
[Date "2008.08.10"]
[Round "9"]
[White "Vas, Peter"]
[Black "Hedman, Erik"]
[Result "0-1"]
[WhiteElo "2197"]
[BlackElo "2363"]
[PlyCount "54"]
[EventDate "2008.08.02"]
[Source "ChessBase"]
[SourceVersion "1"]
[SourceVersionDate "1997.02.01"]
[SourceQuality "1"]

1. e4 c5 2. Nf3 d6 3. d4 Nf6 4. Nc3 cxd4 5. Nxd4 a6 6. Be2 e5 7. Nb3 Be7 8. O-O
O-O 9. a4 Be6 10. a5 Nc6 11. Be3 Bxb3 12. cxb3 Nxa5 13. Nd5 Nc6 14. Nb6 Rb8 15.
f3 Nd7 16. Nxd7 Qxd7 17. Qd2 f5 18. Bc4+ Kh8 19. exf5 Rxf5 20. Bd3 Rff8 21. Be4
Bf6 22. Rfd1 Nd4 23. Bxd4 exd4 24. Rac1 Be5 25. Rc2 d5 26. Bd3 Qd6 27. Qf2 Qf6
0-1